20 Największych miast w Niemczech - Statystyki

Ogólne statystyki
  • Ten quiz został rozwiązany 68 razy
  • Średni wynik to 14 z 20
Statystyki odpowiedzi
Populacja Miasto % Poprawnych
3.669.491 Berlin
100%
1.484.263 Monachium
100%
1.847.253 Hamburg
96%
593.145 Lipsk
96%
588.250 Dortmund
93%
763.840 Frankfurt
93%
1.087.863 Kolonia
93%
556.780 Drezno
80%
635.911 Stuttgart
77%
567.599 Brema
75%
518.370 Norymberga
70%
621.877 Düsseldorf
66%
329.673 Bonn
64%
582.760 Essen
61%
536.925 Hanower
61%
334.195 Bielefeld
36%
498.363 Duisburg
36%
365.587 Bochum
30%
315.293 Münster
30%
355.100 Wuppertal
30%
Nie znaleziono quizów pasujących do podanych kryteriów
Rozkład punktacji
Procent ludzi z każdym wynikiem
Percentyl według liczby udzielonych odpowiedzi
Twoja historia wyników
Nie rozwiązałeś tego quizu